Základy asertivity. 1.

Koncepcia asertivity vytvára americký behaviorista Andrew Salter koncom 40. rokov. Používa pritom pavlovovskú teóriu. Asertivita býva prekladaná ako sebapresadzovanie. V asertivite sa vytvárajú podmienky a rozvíjajú aktivizačné procesy osobnosti. Na Saltera nadväzovali ďalší autori, vznikli dve vetv...

Celý popis

Uložené v:
Podrobná bibliografia
Hlavný autor: Novák, Tomáš
Ďalší autori: Capponi, V.
Médium: Kapitola
Jazyk:Czech
Predmet:
Tagy: Pridať tag
Žiadne tagy, Buďte prvý, kto otaguje tento záznam!

MARC

LEADER 00000naa a2200000 4500
001 r011280
005 20220831084821.9
041 0 |a cze 
044 |a [CS] 
245 1 0 |a Základy asertivity. 1.  |c Tomáš Novák, V. Capponi 
520 |a Koncepcia asertivity vytvára americký behaviorista Andrew Salter koncom 40. rokov. Používa pritom pavlovovskú teóriu. Asertivita býva prekladaná ako sebapresadzovanie. V asertivite sa vytvárajú podmienky a rozvíjajú aktivizačné procesy osobnosti. Na Saltera nadväzovali ďalší autori, vznikli dve vetvy výcvikových programov: prvá blížiaca sa návodovej psychológii a kurzom sebaobrany zákazníka a druhá zameraná na širšie poňatý výcvik komunikácie. Rozvoj tzv. agresívnej asertivity. Uplatnenie v praxi. 
610 2 0 |a psychológia 
610 2 0 |a osobnosť 
610 2 0 |a výcvik 
610 2 0 |a asertivita 
100 1 |a Novák, Tomáš 
700 1 |a Capponi, V.